| 000 | 00875nam a2200253Ia 4500 | ||
|---|---|---|---|
| 003 | OSt | ||
| 005 | 20220926014529.0 | ||
| 006 | a|||||r|||| 00| 0 | ||
| 007 | ta | ||
| 008 | 220923b |||||||| |||| 00| 0 eng d | ||
| 020 | _a0070189676 | ||
| 037 | _cGeneral Book | ||
| 040 |
_aRTL _cRTL _beng |
||
| 041 |
_2eng _aeng |
||
| 082 | _aX:77.1.N76, L6 | ||
| 110 |
_aEdison Elec Inst, Eco Growth, Pricing and Energy use (Com on) (Chai: Jack K Haton) _9320792 |
||
| 245 | 0 |
_aEconomic growth in the future _b The growth debate in national and glbal perspective |
|
| 260 |
_aNew York _bMcGraw-Hill _c1976 |
||
| 300 |
_axiv,423p. _ccm. |
||
| 500 | _aBibliography: P 411-418 | ||
| 700 |
_aEdison Elec Inst, Eco Growth, Pricing and Energy use (Com on) (Chai: Jack K Haton) _9320793 |
||
| 942 |
_hX:77.1.N76, L6 _cGB _2CC |
||
| 999 |
_c629304 _d629304 |
||